Anatomy of the Auditory System on a Click Map - Statistics

General Stats
  • This quiz has been taken 117 times
  • The average score is 8 of 15
Answers on the Map
Answers color-coded by a green-red scale on the quiz's map according to % correct below.
 
Answer Stats
Answer % Correct
External Ear Canal
74%
Cochlea
69%
Eardrum
69%
Auditory Nerve
66%
Eustachian Tube
64%
Tympanic Cavity
55%
Cartilage
53%
Semicircular Canals
50%
Stapes
47%
Malleus
43%
Temporal Bone
43%
Incus
41%
Round Circle
41%
Muscle
34%
Pinna
33%
No matching quizzes found
Score Distribution
Percent of People with Each Score
Percentile by Number Answered
Your Score History
You have not taken this quiz